000 00978nam a2200277 i 4500
001 16136
003 ES-MaACL
005 20230906151243.0
007 t|
008 000704s1980 mx ||||1| spa d
020 _a978-968-16-0528-5
080 _a32(73)(082.2)
100 1 _aHorowitz, Irving Louis.
_964241
245 1 0 _aIdeología y utopía en los Estados Unidos (1956-1976) /
_cIrving Louis Horowitz ; [traducción de Eduardo L. Suárez].
250 _a1ª ed. en español.
260 _aMéxico :
_bFondo de Cultura Económica,
_c1980.
300 _a435 p. ;
_c21 cm.
490 1 _aSección de obras de sociología
504 _aBibliografía: p. 419-432.
650 4 _aIdeología-
_zEstados Unidos.
_9172074
651 4 _aEstados Unidos-
_xPolítica y gobierno-
_yS.XX.
_9172073
651 4 _aEstados Unidos-
_xSituación social-
_y1945-1989.
_9156726
830 1 _aSección de obras de sociología
_9179836
852 _aES-MaACL
_jL-23338
999 _c16136
_d16136